| 000 | 01370nam a2200313 a 4500 | ||
|---|---|---|---|
| 999 |
_c202754 _d202754 |
||
| 003 | BLK | ||
| 005 | 20250715175255.0 | ||
| 008 | 180411b bul|||||r ||||||| ||bul|| | ||
| 020 | _a9786191912780 | ||
| 040 | _aBLK | ||
| 041 |
_aBUL _cBUL |
||
| 080 |
_aКласическа гръцка литература. Старогръцка литература _b821.142 _x-93-342 _z821.142-93-342 |
||
| 100 |
_91299 _aЕзоп _eпърви автор |
||
| 139 |
_aЕзоп _bЕ 38 |
||
| 245 | 1 | 0 |
_aЛъвът и мишката _bБасни в картинки _cпо Езоп; разказани от Горан Маркович, Бояна Йованович ; ил. Младен Анделкович. |
| 257 | _aBGR | ||
| 260 |
_aСофия _bАрт Етърнал Дистрибушън _c2016 _fСофия : Скала принт |
||
| 300 |
_a20 с. _bс цв. ил. _c23 см |
||
| 380 | _aDX | ||
| 500 | _aОриг. загл.: Лав и миш. | ||
| 700 | 1 |
_aМаркович, Горан _eразказани от _9349888 |
|
| 700 | 1 |
_aЙованович, Бояна _eразказани от _9349889 |
|
| 700 | 1 |
_aАнделкович, Младен _eил. _931908 |
|
| 852 |
_aЦб 287096 _bЦб |
||
| 852 |
_bД _c821-93/Е 38 |
||
| 942 |
_cKNG _n0 _s1 _012 |
||
| 944 |
_aCR _c14.09.2017 _k30542 _lРусанова Ирена |
||
| 944 |
_aED _c2022-09-14 _kКети |
||